[Event "FBL 1"]
[Site "Deutschland"]
[Date "2012.12.01"]
[Round "3.5"]
[White "Skogvall, Martina"]
[Black "Huppertz, Andrea"]
[Result "1-0"]
[WhiteElo "2067"]
[BlackElo "1864"]
[PlyCount "59"]
[EventDate "2012.10.06"]
[WhiteTeam "SK Grosslehna"]
[BlackTeam "Schachverein Wattenscheid 1930"]
[WhiteTeamCountry "GER"]
[BlackTeamCountry "GER"]

1. e4 c5 2. Nf3 d6 3. d4 cxd4 4. Nxd4 Nf6 5. Nc3 Bd7 6. Bg5 Nc6 7. Bxf6 gxf6 8.
Nf5 h5 9. Be2 Qa5 10. Ne3 Bg7 11. O-O Qg5 12. Ncd5 O-O-O 13. b4 f5 14. f4 Qh4
15. b5 Nd4 16. b6 axb6 17. c3 Nxe2+ 18. Qxe2 fxe4 19. Nxb6+ Kb8 20. Nxd7+ Rxd7
21. Qb5 Rhd8 22. Nd5 e6 23. Nb6 Re7 24. Qa5 f5 25. Rab1 d5 26. Qa8+ Kc7 27.
Nxd5+ Rxd5 28. Rxb7+ Kd6 29. Rb6+ Kc5 30. Qc6# 1-0

[Event "FBL 1"]
[Site "Deutschland"]
[Date "2012.12.01"]
[Round "3.6"]
[White "Buechle, Regina"]
[Black "Nagel, Verena"]
[Result "0-1"]
[WhiteElo "1977"]
[BlackElo "2007"]
[PlyCount "70"]
[EventDate "2012.10.06"]
[WhiteTeam "Schachverein Wattenscheid 1930"]
[BlackTeam "SK Grosslehna"]
[WhiteTeamCountry "GER"]
[BlackTeamCountry "GER"]

1. d4 d5 2. Nf3 Nf6 3. c4 e6 4. cxd5 exd5 5. Bg5 Be7 6. Nc3 O-O 7. Qc2 h6 8.
Bh4 c6 9. e3 Re8 10. Bd3 Ne4 11. Bxe7 Qxe7 12. O-O Nd7 13. Rab1 Ndf6 14. Ne5
Ng4 15. Nxg4 Bxg4 16. b4 Ng5 17. Bf5 Bxf5 18. Qxf5 Rad8 19. Rfc1 Rd6 20. b5 Rf6
21. Qd3 Rg6 22. Kh1 Qf6 23. f4 Ne4 24. Nxe4 Rxe4 25. bxc6 bxc6 26. Qd2 Qe7 27.
Rb3 f5 28. h3 Rg3 29. Rxc6 Rexe3 30. Rxe3 Rxe3 31. Rc8+ Kh7 32. Rc5 Qe4 33. Qc2
Re1+ 34. Kh2 Qxf4+ 35. g3 Qf3 0-1

[Event "FBL 1"]
[Site "Deutschland"]
[Date "2012.12.01"]
[Round "3.1"]
[White "Kononenko, Tatiana"]
[Black "Gaponenko, Inna"]
[Result "1/2-1/2"]
[WhiteElo "2374"]
[BlackElo "2404"]
[PlyCount "39"]
[EventDate "2012.10.06"]
[WhiteTeam "USV Volksbank Halle"]
[BlackTeam "Schachverein Muelheim Nord 1931"]
[WhiteTeamCountry "GER"]
[BlackTeamCountry "GER"]

1. d4 d5 2. c4 e6 3. Nc3 Nf6 4. cxd5 Nxd5 5. e4 Nxc3 6. bxc3 c5 7. Nf3 cxd4 8.
cxd4 Bb4+ 9. Bd2 Bxd2+ 10. Qxd2 O-O 11. Bc4 Nd7 12. O-O b6 13. Rad1 Bb7 14. d5
exd5 15. Bxd5 Nc5 16. Qf4 Qb8 17. Qf5 Qc8 18. Qf4 Qb8 19. Qf5 Qc8 20. Qf4
1/2-1/2

[Event "FBL 1"]
[Site "Deutschland"]
[Date "2012.12.01"]
[Round "3.2"]
[White "Schleining, Zoya"]
[Black "Madl, Ildiko"]
[Result "1/2-1/2"]
[WhiteElo "2340"]
[BlackElo "2329"]
[PlyCount "39"]
[EventDate "2012.10.06"]
[WhiteTeam "Schachverein Muelheim Nord 1931"]
[BlackTeam "USV Volksbank Halle"]
[WhiteTeamCountry "GER"]
[BlackTeamCountry "GER"]

1. d4 d5 2. c4 c6 3. cxd5 cxd5 4. Bf4 Nc6 5. e3 e6 6. Nc3 Bd6 7. Bxd6 Qxd6 8.
Qg4 Kf8 9. Nf3 Nf6 10. Qg3 Qxg3 11. hxg3 Bd7 12. Rc1 Ke7 13. Bb5 Rac8 14. Bxc6
Bxc6 15. Ne5 h6 16. Kd2 Rhd8 17. f3 Ne8 18. b3 Nd6 19. a4 Be8 20. Nd3 1/2-1/2

[Event "FBL 1"]
[Site "Deutschland"]
[Date "2012.12.01"]
[Round "3.3"]
[White "Melamed, Tetyana"]
[Black "Zozulia, Anna"]
[Result "1/2-1/2"]
[WhiteElo "2353"]
[BlackElo "2346"]
[PlyCount "48"]
[EventDate "2012.10.06"]
[WhiteTeam "USV Volksbank Halle"]
[BlackTeam "Schachverein Muelheim Nord 1931"]
[WhiteTeamCountry "GER"]
[BlackTeamCountry "GER"]

1. e4 c5 2. c3 d5 3. exd5 Qxd5 4. d4 Nf6 5. Nf3 Bg4 6. Be2 e6 7. O-O Nc6 8. Be3
cxd4 9. Nxd4 Bxe2 10. Qxe2 Nxd4 11. Bxd4 Be7 12. Rd1 Qc6 13. Nd2 O-O 14. Nf3
Qe4 15. Qb5 Rfd8 16. Re1 Qd5 17. Qe2 Bc5 18. c4 Qf5 19. Bxc5 Qxc5 20. Rad1 h6
21. h3 Qa5 22. b3 Rxd1 23. Rxd1 Rd8 24. Rxd8+ Qxd8 1/2-1/2

[Event "FBL 1"]
[Site "Deutschland"]
[Date "2012.12.01"]
[Round "3.4"]
[White "Kalinina, Olga"]
[Black "Lakos, Nikoletta"]
[Result "1-0"]
[WhiteElo "2259"]
[BlackElo "2290"]
[PlyCount "127"]
[EventDate "2012.10.06"]
[WhiteTeam "Schachverein Muelheim Nord 1931"]
[BlackTeam "USV Volksbank Halle"]
[WhiteTeamCountry "GER"]
[BlackTeamCountry "GER"]

1. e4 c5 2. Ne2 d6 3. d4 cxd4 4. Nxd4 Nf6 5. Nc3 a6 6. Bg5 e6 7. f4 h6 8. Bh4
Be7 9. Qf3 Nbd7 10. O-O-O g5 11. fxg5 hxg5 12. Bxg5 Ne5 13. Qf4 Bd7 14. Nf3 Ng6
15. Qd2 Rc8 16. Bd3 Ng4 17. Bxe7 Qxe7 18. h3 N4e5 19. Be2 Rc6 20. Nd4 Rc7 21.
Nb3 b5 22. Qxd6 Qxd6 23. Rxd6 b4 24. Nd1 Bc6 25. Rd4 Nf4 26. Bxa6 Nxg2 27. Rxb4
Ke7 28. Na5 Nf4 29. Nxc6+ Rxc6 30. Rb7+ Kf6 31. Bb5 Rc5 32. a4 Nfd3+ 33. Kb1
Nb4 34. c3 Nbd3 35. Bxd3 Nxd3 36. Rf1+ Ke5 37. Rf3 Rd8 38. Rfxf7 Rc4 39. Nf2
Nxf2 40. Rxf2 Rxa4 41. Rb5+ Kxe4 42. Re2+ Kd3 43. Rxe6 Rh4 44. Rbb6 Rxh3 45.
Rbd6+ Rxd6 46. Rxd6+ Kc4 47. Rd4+ Kc5 48. Ka2 Rh8 49. Rg4 Ra8+ 50. Kb3 Rb8+ 51.
Kc2 Rf8 52. Rg5+ Kb6 53. Kb3 Rf4 54. Ka3 Rc4 55. Kb3 Rf4 56. c4 Rf3+ 57. Kb4
Rf6 58. Rb5+ Kc6 59. Ra5 Kb6 60. c5+ Kb7 61. Kb5 Rf2 62. b4 Rf5 63. Ra6 Rh5 64.
Rg6 1-0

[Event "FBL 1"]
[Site "Deutschland"]
[Date "2012.12.01"]
[Round "3.6"]
[White "Vovk, Oksana"]
[Black "Borriss, Claudia"]
[Result "0-1"]
[WhiteElo "2154"]
[BlackElo "2142"]
[PlyCount "92"]
[EventDate "2012.10.06"]
[WhiteTeam "Schachverein Muelheim Nord 1931"]
[BlackTeam "USV Volksbank Halle"]
[WhiteTeamCountry "GER"]
[BlackTeamCountry "GER"]

1. d4 e6 2. c4 f5 3. g3 Nf6 4. Bg2 Be7 5. Nf3 O-O 6. O-O d6 7. b3 Ne4 8. Bb2
Nd7 9. Nfd2 d5 10. f3 Nxd2 11. Nxd2 f4 12. gxf4 Rxf4 13. e4 c6 14. Qe2 Nf8 15.
Rfd1 Bd7 16. Nf1 Ng6 17. Ng3 Rh4 18. Bc1 a5 19. Be3 Nf4 20. Qf2 Bg5 21. Rac1
Qf6 22. Rc3 Qh6 23. Nf1 Rf8 24. e5 Be8 25. Rd2 Bh5 26. Qg3 Bg6 27. cxd5 cxd5
28. Rb2 Be8 29. a4 Bg6 30. Rd2 Be8 31. Rc5 Nh3+ 32. Bxh3 Bxe3+ 33. Nxe3 Rxh3
34. Qe1 Rfxf3 35. Ng4 Qf4 36. Rc8 Qxg4+ 37. Rg2 Qxd4+ 38. Kh1 Kf8 39. Rc7 Qf4
40. Kg1 Qe3+ 41. Qxe3 Rxe3 42. Rxb7 Rxb3 43. Rbxg7 Rb1+ 44. Kf2 Ra3 45. Rg8+
Ke7 46. R2g7+ Bf7 0-1

[Event "FBL 1"]
[Site "Deutschland"]
[Date "2012.12.02"]
[Round "4.1"]
[White "Nebolsina, Vera"]
[Black "Michna, Marta"]
[Result "0-1"]
[WhiteElo "2270"]
[BlackElo "2380"]
[PlyCount "86"]
[EventDate "2012.10.06"]
[WhiteTeam "SF Deizisau"]
[BlackTeam "Hamburger SK von 1830"]
[WhiteTeamCountry "GER"]
[BlackTeamCountry "GER"]

1. Nf3 e6 2. g3 b6 3. Bg2 Bb7 4. O-O f5 5. d3 Nf6 6. e4 fxe4 7. Ng5 Nc6 8. dxe4
e5 9. c3 a5 10. Na3 Bxa3 11. bxa3 a4 12. f4 Qe7 13. Be3 O-O 14. Kh1 h6 15. Nf3
Ng4 16. Bg1 exf4 17. Nh4 Nce5 18. Nf5 Rxf5 19. exf5 f3 20. Bxf3 Nxf3 21. Rxf3
Qe4 22. Kg2 Qxf3+ 23. Qxf3 Bxf3+ 24. Kxf3 Ne5+ 25. Kf4 Nc4 26. Rd1 d6 27. Re1
Kf7 28. Re4 Nxa3 29. g4 Nb5 30. Re3 a3 31. Bf2 Ra4+ 32. Kf3 Rc4 33. Be1 d5 34.
h3 Nd6 35. Ke2 Ne4 36. Kd3 b5 37. Re2 h5 38. gxh5 Nf6 39. Re6 Nxh5 40. Ra6 Nf4+
41. Kd2 Nxh3 42. Bg3 Ng5 43. Kd3 Ne4 0-1

[Event "FBL 1"]
[Site "Deutschland"]
[Date "2012.12.02"]
[Round "4.2"]
[White "Hoolt, Sarah"]
[Black "Misanovic, Vesna"]
[Result "1/2-1/2"]
[WhiteElo "2308"]
[BlackElo "2326"]
[PlyCount "159"]
[EventDate "2012.10.06"]
[WhiteTeam "Hamburger SK von 1830"]
[BlackTeam "SF Deizisau"]
[WhiteTeamCountry "GER"]
[BlackTeamCountry "GER"]

1. e4 e5 2. Nf3 Nc6 3. Bc4 Nf6 4. d3 Be7 5. Bb3 O-O 6. O-O d5 7. Nbd2 Bg4 8. c3
Qd7 9. h3 Bh5 10. Qe2 Rfe8 11. Rd1 b5 12. Nf1 a5 13. Ng3 a4 14. Bxd5 Bxf3 15.
Qxf3 Nxd5 16. exd5 Na5 17. Nf5 Bf8 18. c4 bxc4 19. dxc4 Nxc4 20. Qg4 Kh8 21.
Qxc4 Qxf5 22. Qxc7 Rec8 23. Qb7 Rab8 24. Qa6 Rc2 25. Be3 Rbxb2 26. Qa8 Kg8 27.
d6 Qd7 28. Rd5 h6 29. Rad1 Rc8 30. Qa6 Rxa2 31. Bc5 Rc2 32. Qa5 f6 33. Bb4 Kh8
34. R5d2 R2c4 35. Ra2 R8c6 36. Rad2 Rc8 37. Ra2 R8c6 38. Rad2 Rc8 39. Rd5 Rc2
40. Rc5 R2xc5 41. Bxc5 Kg8 42. Bb6 Rc6 43. Bc7 Kh7 44. Kh2 Bxd6 45. Bxd6 Rxd6
46. Rxd6 Qxd6 47. Qxa4 e4+ 48. Kg1 Qd5 49. Qc2 f5 50. h4 Kg6 51. g3 Qd3 52. Qc8
Qd1+ 53. Kh2 Qd4 54. Qe8+ Kf6 55. Kg2 Qd5 56. Kh2 Qc5 57. Kg2 Qd6 58. h5 Qe7
59. Qc6+ Qe6 60. Qc3+ Kf7 61. Qc7+ Kf8 62. Qb8+ Ke7 63. Qc7+ Kf6 64. Qc3+ Qe5
65. Qc6+ Ke7 66. Qb7+ Kd6 67. Qb8+ Kd5 68. Qb5+ Ke6 69. Qc6+ Kf7 70. Qc4+ Qe6
71. Qc7+ Qe7 72. Qc4+ Kf6 73. Qc6+ Qe6 74. Qc3+ Kf7 75. Qc7+ Kg8 76. Qb8+ Kh7
77. Qf4 Qf6 78. g4 fxg4 79. Qxe4+ Kg8 80. Qxg4 1/2-1/2

[Event "FBL 1"]
[Site "Deutschland"]
[Date "2012.12.02"]
[Round "4.3"]
[White "Manakov, Marina"]
[Black "Fuchs, Judith"]
[Result "1/2-1/2"]
[WhiteElo "2294"]
[BlackElo "2292"]
[PlyCount "40"]
[EventDate "2012.10.06"]
[WhiteTeam "SF Deizisau"]
[BlackTeam "Hamburger SK von 1830"]
[WhiteTeamCountry "GER"]
[BlackTeamCountry "GER"]

1. d4 Nf6 2. Nf3 e6 3. Bf4 c5 4. c3 Nc6 5. e3 Qb6 6. Qb3 d5 7. Nbd2 c4 8. Qc2
Nh5 9. Bg5 h6 10. Bh4 g5 11. Bg3 Nxg3 12. hxg3 Bg7 13. e4 Bd7 14. Be2 O-O-O 15.
e5 Be8 16. b3 cxb3 17. Nxb3 Na5 18. Nc5 Bf8 19. Rb1 Qc7 20. Nxg5 Bxc5 1/2-1/2

[Event "FBL 1"]
[Site "Deutschland"]
[Date "2012.12.02"]
[Round "4.4"]
[White "Hegeler, Anja"]
[Black "Klek, Hanna Marie"]
[Result "0-1"]
[WhiteElo "2202"]
[BlackElo "2214"]
[PlyCount "164"]
[EventDate "2012.10.06"]
[WhiteTeam "Hamburger SK von 1830"]
[BlackTeam "SF Deizisau"]
[WhiteTeamCountry "GER"]
[BlackTeamCountry "GER"]

1. e4 e5 2. Nf3 Nc6 3. Bb5 a6 4. Ba4 Nf6 5. O-O Be7 6. Re1 b5 7. Bb3 d6 8. c3
O-O 9. h3 Na5 10. Bc2 c5 11. d4 Qc7 12. d5 Bd7 13. Bg5 c4 14. Nbd2 Nb7 15. Nf1
Kh8 16. Ng3 Ng8 17. Bc1 g6 18. Nh2 Bf6 19. Rf1 Nc5 20. f4 exf4 21. Bxf4 Bg7 22.
Nf3 Rae8 23. Qd2 Bc8 24. Kh1 Bb7 25. Rae1 Nf6 26. Bh6 Nfd7 27. Qg5 f6 28. Qh4
Ne5 29. Nh2 Bc8 30. Re2 Bxh6 31. Qxh6 Qg7 32. Qh4 Qe7 33. Ref2 Kg7 34. Nf3 g5
35. Qh5 Ncd3 36. Nd4 Nxf2+ 37. Rxf2 Kh8 38. Ndf5 Qc7 39. Qh6 Bxf5 40. Nxf5 Rf7
41. Rf1 Rg8 42. Bd1 Rg6 43. Qh5 Rd7 44. Qe2 Qb6 45. Qd2 a5 46. Bh5 Rg8 47. Nd4
b4 48. Rxf6 bxc3 49. Qxc3 Rb7 50. Rf2 Qb4 51. Qe3 Nd3 52. Re2 Nf4 53. Nc6 Qb6
54. Qc3+ Rgg7 55. Nxa5 Nxe2 56. Bxe2 Qxb2 57. Qxc4 Qa1+ 58. Kh2 Qe5+ 59. g3
Rbf7 60. Kg2 Qf6 61. Qc8+ Rf8 62. Qf5 Qxf5 63. exf5 Rxf5 64. Bc4 Rgf7 65. g4
Rf2+ 66. Kg1 Rc2 67. Bb3 Rc3 68. Nc4 Rf6 69. Kg2 Kg8 70. Nd2 Re3 71. Bc4 Kf8
72. Nf1 Re4 73. Bd3 Ra4 74. Bxh7 Rxa2+ 75. Kg1 Rh6 76. Bb1 Rb2 77. Be4 Rxh3 78.
Bg2 Rd3 79. Be4 Rd4 80. Bf3 Rf4 81. Bd1 Rb1 82. Be2 Re1 0-1

[Event "FBL 1"]
[Site "Deutschland"]
[Date "2012.12.02"]
[Round "4.5"]
[White "Rempel, Jana"]
[Black "Bluebaum, Bettina"]
[Result "0-1"]
[WhiteElo "2078"]
[BlackElo "1984"]
[PlyCount "84"]
[EventDate "2012.10.06"]
[WhiteTeam "SF Deizisau"]
[BlackTeam "Hamburger SK von 1830"]
[WhiteTeamCountry "GER"]
[BlackTeamCountry "GER"]

1. e4 e6 2. d4 d5 3. exd5 exd5 4. Nf3 Bg4 5. h3 Bh5 6. Qe2+ Qe7 7. Be3 Bxf3 8.
Qxf3 Nf6 9. Nc3 c6 10. O-O-O Qd8 11. Bd3 Be7 12. Rhe1 O-O 13. Ne2 b5 14. Ng3
Re8 15. Nf5 Bf8 16. Qg3 Kh8 17. Bg5 Rxe1 18. Rxe1 Qa5 19. f3 Nbd7 20. Kb1 Re8
21. Rxe8 Nxe8 22. Qh4 Ndf6 23. Nh6 Qc7 24. Ng4 h6 25. Nxf6 Nxf6 26. Bxf6 gxf6
27. Qg4 Bg7 28. Qf5 Kg8 29. a3 a5 30. f4 Kf8 31. Qg4 f5 32. Bxf5 Bxd4 33. Bd3
a4 34. f5 Bf6 35. Qe2 b4 36. axb4 a3 37. bxa3 Qa7 38. Ba6 Qg1+ 39. Qf1 Qd4 40.
c3 Qxc3 41. Qe2 Qb3+ 42. Kc1 Bg5+ 0-1

[Event "FBL 1"]
[Site "Deutschland"]
[Date "2012.12.02"]
[Round "4.6"]
[White "Rogozenco, Teodora"]
[Black "Gabriel, Marina"]
[Result "1-0"]
[WhiteElo "1706"]
[BlackElo "1991"]
[PlyCount "85"]
[EventDate "2012.10.06"]
[WhiteTeam "Hamburger SK von 1830"]
[BlackTeam "SF Deizisau"]
[WhiteTeamCountry "GER"]
[BlackTeamCountry "GER"]

1. d4 Nf6 2. c4 c5 3. d5 e6 4. Nc3 exd5 5. Nxd5 Nxd5 6. Qxd5 Be7 7. Nf3 O-O 8.
Ng5 d6 9. h4 Nd7 10. Bd2 Nf6 11. Qd3 d5 12. cxd5 Qxd5 13. e4 Qxd3 14. Bxd3 h6
15. Nf3 c4 16. Bc2 Ng4 17. Bc3 Bc5 18. Nd4 Rd8 19. Rd1 Bd7 20. Ke2 Be8 21. f3
Nf6 22. Nf5 Bf8 23. Nxh6+ gxh6 24. Bxf6 Rxd1 25. Rxd1 Bg7 26. e5 Bb5 27. Kf2
Re8 28. Bf5 a6 29. Rd4 Rxe5 30. Bxe5 Bxe5 31. Rd2 c3 32. bxc3 Bxc3 33. Rc2 Be5
34. g3 Kg7 35. f4 Bd4+ 36. Kf3 Bf6 37. Be4 b6 38. Rc7 Bd8 39. Rc8 Be7 40. Bd5
Bd6 41. Ra8 f5 42. Ra7+ Kg6 43. h5+ 1-0

[Event "FBL 1"]
[Site "Deutschland"]
[Date "2012.12.02"]
[Round "4.1"]
[White "Paehtz, Elisabeth"]
[Black "Wagener, Anna"]
[Result "1-0"]
[WhiteElo "2483"]
[BlackElo "2254"]
[PlyCount "73"]
[EventDate "2012.10.06"]
[WhiteTeam "SC Bad Koenigshofen 1957"]
[BlackTeam "Karlsruher SF 1853"]
[WhiteTeamCountry "GER"]
[BlackTeamCountry "GER"]

1. d4 f5 2. b3 g6 3. Bb2 Bg7 4. e3 Nf6 5. Be2 d6 6. h4 h6 7. Nh3 Be6 8. Qd3 c6
9. Nd2 Na6 10. c4 Qd7 11. a3 Bf7 12. Qc2 Nc7 13. Nf4 O-O-O 14. O-O-O Kb8 15. f3
Rhe8 16. Nd3 Qc8 17. Rhg1 Nd7 18. g4 fxg4 19. fxg4 e5 20. Ne4 Nf6 21. Nxf6 Bxf6
22. Rdf1 Qe6 23. g5 hxg5 24. hxg5 Bg7 25. dxe5 dxe5 26. Nc5 Qe7 27. Ne4 Rh8 28.
Bg4 Be6 29. Kb1 Rh4 30. Bxe6 Nxe6 31. Nf6 Nxg5 32. Rxg5 Bxf6 33. Rxf6 Rh1+ 34.
Ka2 Qxf6 35. Bxe5+ Qxe5 36. Rxe5 Rdh8 37. Rg5 1-0

[Event "FBL 1"]
[Site "Deutschland"]
[Date "2012.12.02"]
[Round "4.2"]
[White "Mader, Manuela"]
[Black "Gunina, Valentina"]
[Result "0-1"]
[WhiteElo "2222"]
[BlackElo "2509"]
[PlyCount "68"]
[EventDate "2012.10.06"]
[WhiteTeam "Karlsruher SF 1853"]
[BlackTeam "SC Bad Koenigshofen 1957"]
[WhiteTeamCountry "GER"]
[BlackTeamCountry "GER"]

1. d4 d5 2. c4 e6 3. Nc3 c5 4. cxd5 exd5 5. Nf3 Nc6 6. g3 Nf6 7. Bg2 Be7 8. O-O
O-O 9. b3 Bg4 10. dxc5 Bxc5 11. Bb2 Re8 12. Rc1 Bf8 13. Re1 Rc8 14. Nd4 Qa5 15.
Nxc6 bxc6 16. a3 Rcd8 17. b4 Qa6 18. f3 Bf5 19. Na4 Nd7 20. Kh1 Ne5 21. Bxe5
Rxe5 22. e4 Rde8 23. f4 Rxe4 24. Bxe4 Rxe4 25. Rxe4 dxe4 26. Rc5 Bg4 27. b5
Bxd1 28. bxa6 Bxa4 29. Rc4 Bb5 30. Rxe4 Bxa3 31. Re8+ Bf8 32. Ra8 Bxa6 33. Rxa7
Bc4 34. Ra8 f5 0-1

[Event "FBL 1"]
[Site "Deutschland"]
[Date "2012.12.02"]
[Round "4.3"]
[White "Savina, Anastasia"]
[Black "Kiefhaber, Veronika"]
[Result "1-0"]
[WhiteElo "2303"]
[BlackElo "2229"]
[PlyCount "49"]
[EventDate "2012.10.06"]
[WhiteTeam "SC Bad Koenigshofen 1957"]
[BlackTeam "Karlsruher SF 1853"]
[WhiteTeamCountry "GER"]
[BlackTeamCountry "GER"]

1. d4 d6 2. Nf3 Bg4 3. e4 Nf6 4. Nc3 e6 5. h3 Bh5 6. g4 Bg6 7. Qe2 c6 8. h4 h5
9. g5 Nfd7 10. Bh3 Be7 11. Be3 d5 12. Nd2 dxe4 13. Ndxe4 Na6 14. Bf4 Nb6 15.
Be5 Kf8 16. O-O Nd5 17. f4 Nxc3 18. bxc3 Nc7 19. f5 exf5 20. Bxf5 Kg8 21. Qf3
Kh7 22. Qxh5+ Kg8 23. Qf3 Bh5 24. Bg4 Bg6 25. h5 1-0

[Event "FBL 1"]
[Site "Deutschland"]
[Date "2012.12.02"]
[Round "4.5"]
[White "Oetztuerk, Kuebra"]
[Black "Brendel, Bergit"]
[Result "1-0"]
[WhiteElo "2294"]
[BlackElo "2094"]
[PlyCount "47"]
[EventDate "2012.10.06"]
[WhiteTeam "SC Bad Koenigshofen 1957"]
[BlackTeam "Karlsruher SF 1853"]
[WhiteTeamCountry "GER"]
[BlackTeamCountry "GER"]

1. d4 Nf6 2. c4 g6 3. Nf3 Bg7 4. g3 O-O 5. Bg2 d6 6. Nc3 Nc6 7. O-O a6 8. e4
Bg4 9. Be3 Nd7 10. Ne2 Na5 11. Nd2 Bxe2 12. Qxe2 c5 13. dxc5 dxc5 14. Rad1 Qb6
15. f4 Qxb2 16. Rb1 Qa3 17. e5 Rab8 18. Rfd1 Rfd8 19. Nb3 b5 20. e6 Nxc4 21.
Bc1 Qb4 22. exd7 Bd4+ 23. Nxd4 Qxb1 24. Nc6 1-0

[Event "FBL 1"]
[Site "Deutschland"]
[Date "2012.12.02"]
[Round "4.6"]
[White "Wiesner, Paula"]
[Black "Schoene, Maria"]
[Result "0-1"]
[WhiteElo "1810"]
[BlackElo "2190"]
[PlyCount "138"]
[EventDate "2012.10.06"]
[WhiteTeam "Karlsruher SF 1853"]
[BlackTeam "SC Bad Koenigshofen 1957"]
[WhiteTeamCountry "GER"]
[BlackTeamCountry "GER"]

1. d4 Nf6 2. c4 g6 3. Nc3 Bg7 4. e4 d6 5. Be2 O-O 6. Bg5 h6 7. Be3 Nbd7 8. Qd2
c5 9. d5 Kh7 10. h3 b5 11. cxb5 a6 12. Nf3 Qa5 13. b6 Nxb6 14. O-O Na4 15. Qc2
Nxc3 16. bxc3 Nd7 17. Bd2 Qc7 18. Rab1 Nb6 19. c4 Rb8 20. Ba5 Qa7 21. Bd3 Bd7
22. Qe2 Na4 23. e5 Rxb1 24. Rxb1 Rb8 25. exd6 Rxb1+ 26. Bxb1 Qb8 27. Qd1 Qxd6
28. Qb3 Qf4 29. Bd2 Qf6 30. Bc2 Nc3 31. Bxc3 Qxc3 32. Qxc3 Bxc3 33. Kf1 Kg7 34.
Ke2 Kf6 35. Ke3 e6 36. Be4 Ke7 37. Kd3 Bg7 38. dxe6 Bxe6 39. Nd2 Kd6 40. Nb3
Bc8 41. Ke3 Bc3 42. f4 Be6 43. Kd3 Be1 44. g4 Bg3 45. f5 gxf5 46. gxf5 Bc8 47.
Ke3 Bh2 48. h4 Ke5 49. Kf3 Bg1 50. Na5 Bxf5 51. Nc6+ Kf6 52. Bxf5 Kxf5 53. Nb8
a5 54. a4 Bd4 55. Nc6 Bc3 56. Ne7+ Ke6 57. Nd5 Bd2 58. Ke2 Bb4 59. Ke3 Ke5 60.
Nb6 h5 61. Nd7+ Kf5 62. Kf3 Ke6 63. Nb8 Kd6 64. Kf4 Kc7 65. Na6+ Kb7 66. Nxc5+
Bxc5 67. Kg5 Be7+ 68. Kxh5 Kc6 69. Kg4 Bf6 0-1

[Event "FBL 1"]
[Site "Deutschland"]
[Date "2012.12.02"]
[Round "4.1"]
[White "Bodnaruk, Anastasia"]
[Black "Cmilyte, Viktorija"]
[Result "1/2-1/2"]
[WhiteElo "2421"]
[BlackElo "2520"]
[PlyCount "54"]
[EventDate "2012.10.06"]
[WhiteTeam "Rodewischer Schachmiezen"]
[BlackTeam "OSG Baden Baden"]
[WhiteTeamCountry "GER"]
[BlackTeamCountry "GER"]

1. e4 c5 2. Nf3 d6 3. d4 Nf6 4. Nc3 cxd4 5. Nxd4 g6 6. Be3 Bg7 7. f3 O-O 8. Bc4
Nc6 9. Qd2 Nxd4 10. Bxd4 Be6 11. Bb3 Qa5 12. O-O-O Rfc8 13. Kb1 b5 14. Nd5 Qxd2
15. Rxd2 Bxd5 16. exd5 a5 17. a3 Nd7 18. Re1 Bxd4 19. Rxd4 Nc5 20. Rxe7 Re8 21.
Rxe8+ Rxe8 22. Kc1 Re2 23. Rd2 Re1+ 24. Rd1 Re2 25. Rd2 Re1+ 26. Rd1 Re2 27.
Rd2 Re1+ 1/2-1/2

[Event "FBL 1"]
[Site "Deutschland"]
[Date "2012.12.02"]
[Round "4.3"]
[White "Stockova, Zuzana"]
[Black "Kachiani Gersinska, Ketino"]
[Result "1/2-1/2"]
[WhiteElo "2352"]
[BlackElo "2366"]
[PlyCount "37"]
[EventDate "2012.10.06"]
[WhiteTeam "Rodewischer Schachmiezen"]
[BlackTeam "OSG Baden Baden"]
[WhiteTeamCountry "GER"]
[BlackTeamCountry "GER"]

1. e4 c6 2. d4 d5 3. exd5 cxd5 4. c4 Nf6 5. Nc3 Nc6 6. Nf3 e6 7. cxd5 Nxd5 8.
Bd3 Be7 9. O-O O-O 10. Re1 Qd6 11. Ne4 Qc7 12. Neg5 h6 13. Ne4 Rd8 14. Bb1 Bd7
15. a3 Be8 16. Qd3 Nf4 17. Qe3 Nd5 18. Qd3 Nf4 19. Qe3 1/2-1/2

[Event "FBL 1"]
[Site "Deutschland"]
[Date "2012.12.02"]
[Round "4.5"]
[White "Kochetkova, Julia"]
[Black "Muzychuk, Mariya"]
[Result "1/2-1/2"]
[WhiteElo "2305"]
[BlackElo "2466"]
[PlyCount "94"]
[EventDate "2012.10.06"]
[WhiteTeam "Rodewischer Schachmiezen"]
[BlackTeam "OSG Baden Baden"]
[WhiteTeamCountry "GER"]
[BlackTeamCountry "GER"]

1. e4 c5 2. Nf3 e6 3. c4 Nc6 4. Nc3 Nd4 5. d3 Ne7 6. g3 Nec6 7. Bg2 Be7 8. O-O
O-O 9. Nxd4 Nxd4 10. Rb1 Rb8 11. Be3 Bf6 12. a3 d6 13. Qd2 Bd7 14. b4 a6 15.
Bf4 Qc7 16. Rfc1 b6 17. Ne2 Bc6 18. Nxd4 Bxd4 19. Be3 Bxe3 20. Qxe3 e5 21. Rb2
a5 22. b5 Bd7 23. Rf1 Rbe8 24. f4 exf4 25. Rxf4 Re5 26. Rbf2 Be6 27. Qc1 Qd7
28. Rf1 Qe7 29. Qd2 Rg5 30. Qe3 f6 31. R4f2 Re5 32. Qd2 Rf7 33. Qf4 g6 34. Bf3
f5 35. exf5 Rfxf5 36. Qd2 Rf7 37. Re1 Bh3 38. Rxe5 Qxe5 39. d4 cxd4 40. Bd5 Be6
41. Bxe6 Qxe6 42. Rxf7 Kxf7 43. Qxd4 Qe1+ 44. Kg2 Qe2+ 45. Kg1 Qe1+ 46. Kg2
Qe2+ 47. Kg1 Qe1+ 1/2-1/2

[Event "FBL 1"]
[Site "Deutschland"]
[Date "2012.12.02"]
[Round "4.6"]
[White "Arakhamia Grant, Ketevan"]
[Black "Steinbacher, Claudia"]
[Result "1-0"]
[WhiteElo "2421"]
[BlackElo "2134"]
[PlyCount "65"]
[EventDate "2012.10.06"]
[WhiteTeam "OSG Baden Baden"]
[BlackTeam "Rodewischer Schachmiezen"]
[WhiteTeamCountry "GER"]
[BlackTeamCountry "GER"]

1. e4 c5 2. Nf3 a6 3. c4 Nc6 4. d4 cxd4 5. Nxd4 Nf6 6. Nc3 d6 7. Be2 e6 8. O-O
Be7 9. Be3 O-O 10. f4 Bd7 11. Nb3 b6 12. Qd2 Qc7 13. Rac1 Na7 14. Bf3 Rad8 15.
Qf2 Nc8 16. g4 Qb8 17. g5 Ne8 18. f5 exf5 19. exf5 Bxf5 20. Nd4 Bd7 21. Bd5 Nc7
22. Bxf7+ Kh8 23. Qh4 Be8 24. Be6 Bg6 25. Nc6 Qb7 26. Nxd8 Rxd8 27. Bf5 Bxf5
28. Rxf5 Kg8 29. Qg4 Na7 30. g6 h6 31. Rf7 Nc6 32. Qe4 Re8 33. Nd5 1-0

[Event "FBL 1"]
[Site "Deutschland"]
[Date "2012.12.02"]
[Round "4.1"]
[White "Ohme, Melanie"]
[Black "Doluhanova, Evgeniya"]
[Result "0-1"]
[WhiteElo "2337"]
[BlackElo "2247"]
[PlyCount "130"]
[EventDate "2012.10.06"]
[WhiteTeam "SF 1891 Friedberg"]
[BlackTeam "SV Chemie Guben 1990"]
[WhiteTeamCountry "GER"]
[BlackTeamCountry "GER"]

1. e4 c5 2. Nf3 d6 3. d4 cxd4 4. Nxd4 Nf6 5. Nc3 a6 6. Be3 e5 7. Nf3 Be7 8. Bc4
O-O 9. O-O Nc6 10. Re1 b5 11. Bf1 b4 12. Nd5 Nxd5 13. Qxd5 Bb7 14. a3 Qc7 15.
Qd2 a5 16. axb4 axb4 17. b3 Rfc8 18. Bc4 Nd8 19. Rxa8 Bxa8 20. Bg5 Bxg5 21.
Nxg5 h6 22. Nf3 Qc5 23. Nh4 Ne6 24. Nf5 Rd8 25. Re3 Kf8 26. Bxe6 fxe6 27. Nxg7
Ke7 28. Nh5 Qd4 29. Qxd4 exd4 30. Re2 Bc6 31. f3 Ra8 32. Nf4 e5 33. Nd3 Bb5 34.
Kf2 Bxd3 35. cxd3 Ra1 36. Re1 Ra3 37. Rb1 Ra2+ 38. Kg3 Rd2 39. h4 Rxd3 40. Rb2
h5 41. Kf2 Ke6 42. Ke2 Rc3 43. Kd2 d5 44. exd5+ Kxd5 45. Rb1 e4 46. fxe4+ Kxe4
47. Re1+ Kf4 48. Rf1+ Kg4 49. Re1 Kf5 50. Rf1+ Ke5 51. Re1+ Kd5 52. Re8 Rxb3
53. Rd8+ Ke5 54. Re8+ Kf6 55. Rf8+ Kg7 56. Rd8 Rg3 57. Rxd4 Rxg2+ 58. Ke3 Rg4
59. Rd7+ Kf6 60. Rb7 Rxh4 61. Rb5 Ke6 62. Kf3 Kd6 63. Kg3 Kc6 64. Re5 Rh1 65.
Kg2 Rd1 0-1